[Event "Fagernes Chess GM-Swiss 2024"]
[Site "Fagernes"]
[Date "2024.03.31"]
[Round "9.16"]
[White "Lindh, Fredrik"]
[Black "Tsolakidou, Stavroula"]
[Result "1/2-1/2"]
[WhiteElo "2256"]
[BlackElo "2424"]
[Annotator "RC"]
[PlyCount "95"]
[EventDate "2024.03.25"]
[EventType "swiss"]
[EventCountry "NOR"]
[SourceTitle "playchess.com"]
[Source "ChessBase"]
[SourceQuality "1"]

1. e4 c5 2. Nf3 e6 3. d4 cxd4 4. Nxd4 Nc6 5. Nc3 Qc7 6. Be2 Nf6 7. O-O a6 8. Be3 Be7 9. f4 d6 10. Qe1 O-O 11. Qg3 Nxd4 12. Bxd4 b5 13. a3 Bb7 14. Rae1 Rad8 15. Bd3 Bc6 16. Kh1 Qd7 17. Nd1 Nh5 18. Qg4 Nf6 19. Qg3 Rde8 20. Nf2 Bd8 21. Bxf6 Bxf6 22. e5 Be7 23. Ng4 f5 24. exf6 Bxf6 25. Qh3 g6 26. Nxf6+ Rxf6 27. Qe3 Ref8 28. Kg1 Qb7 29. g3 Kg7 30. Qd4 Bh1 31. Be4 Bxe4 32. Qxe4 Qf7 33. Qe2 h5 34. h4 Qa7+ 35. Kg2 Qc5 36. c3 a5 37. Qe3 Qxe3 38. Rxe3 e5 39. Re4 Rf5 40. a4 Rb8 41. fxe5 bxa4 42. Rxf5 gxf5 43. Rxa4 Rxb2+ 44. Kf3 dxe5 45. Rxa5 Kf6 46. Ra6+ Kf7 47. Ra5 Kf6 48. Ra6+ 1/2-1/2

[Event "Fagernes Chess GM-Swiss 2024"]
[Site "Fagernes"]
[Date "2024.03.31"]
[Round "9.18"]
[White "Kreken, Eivind Grunt"]
[Black "Audi Ameya"]
[Result "1/2-1/2"]
[WhiteElo "2215"]
[BlackElo "2378"]
[Annotator "RC"]
[PlyCount "103"]
[EventDate "2024.03.25"]
[EventType "swiss"]
[EventCountry "NOR"]
[SourceTitle "playchess.com"]
[Source "ChessBase"]
[SourceQuality "1"]

1. d4 Nf6 2. c4 g6 3. Nc3 d5 4. Nf3 Bg7 5. Bf4 O-O 6. Rc1 dxc4 7. e3 Be6 8. Ng5 Bd5 9. e4 h6 10. exd5 hxg5 11. Bxg5 Nxd5 12. Bxc4 Nb6 13. Bb3 Qxd4 14. Qxd4 Bxd4 15. Nb5 Bxb2 16. Rc2 Be5 17. Nxc7 Bxc7 18. Rxc7 Nc6 19. Rxb7 Rfb8 20. Rc7 Nd4 21. Rxe7 Nxb3 22. axb3 Nd5 23. Rd7 Nc3 24. Bd2 Rxb3 25. Bxc3 Rxc3 26. Kd2 Ra3 27. Rc1 Re8 28. Rdc7 Kg7 29. R7c3 Rd8+ 30. Ke2 Rxc3 31. Rxc3 a5 32. Rc4 Ra8 33. Ra4 Kf6 34. h4 Ke5 35. g4 Kd5 36. h5 Kc5 37. Kf3 Kb5 38. Ra1 gxh5 39. gxh5 a4 40. Kg4 Kb4 41. f4 a3 42. Kg5 Kb3 43. Kf6 Rh8 44. Kxf7 Rxh5 45. Kg6 Rc5 46. f5 Kb2 47. Rxa3 Kxa3 48. f6 Kb4 49. f7 Rc8 50. Kg7 Kc5 51. f8=Q+ Rxf8 52. Kxf8 1/2-1/2

[Event "Fagernes Chess GM-Swiss 2024"]
[Site "Fagernes"]
[Date "2024.03.31"]
[Round "9.19"]
[White "Panda Sambit"]
[Black "Vagman, Roy"]
[Result "1-0"]
[WhiteElo "2377"]
[BlackElo "2311"]
[Annotator "RC"]
[PlyCount "87"]
[EventDate "2024.03.25"]
[EventType "swiss"]
[EventCountry "NOR"]
[SourceTitle "playchess.com"]
[Source "ChessBase"]
[SourceQuality "1"]

1. d4 d5 2. c4 e6 3. Nf3 Nf6 4. Nc3 dxc4 5. e4 b5 6. e5 Nd5 7. Nxb5 Nb6 8. Be2 Nc6 9. Be3 Be7 10. a3 Bb7 11. Qc2 Na5 12. Nc3 Qd7 13. Rd1 f5 14. exf6 gxf6 15. O-O Rg8 16. g3 O-O-O 17. Nd2 f5 18. Bf3 Bd6 19. Ne2 Bxf3 20. Nxf3 Qa4 21. Qxa4 Nxa4 22. Rd2 Kd7 23. Ne5+ Bxe5 24. dxe5+ Kc8 25. Rc2 Rd5 26. f4 Rgd8 27. Kf2 Rb5 28. Nd4 Rxb2 29. Rxb2 Nxb2 30. Nxe6 Rd3 31. Ke2 Nb3 32. g4 c3 33. gxf5 Rxe3+ 34. Kxe3 c2 35. Ke2 Kd7 36. Nf8+ Ke8 37. Nxh7 c5 38. f6 Nd4+ 39. Kd2 Nc4+ 40. Kc1 Ne3 41. e6 Ne2+ 42. Kb2 Nc4+ 43. Kxc2 Nd4+ 44. Kc3 1-0

[Event "Fagernes Chess GM-Swiss 2024"]
[Site "Fagernes"]
[Date "2024.03.31"]
[Round "9.20"]
[White "Eliseev, Sergey"]
[Black "Elmi, Saad Abobaker"]
[Result "1-0"]
[WhiteElo "2131"]
[BlackElo "2344"]
[Annotator "RC"]
[PlyCount "103"]
[EventDate "2024.03.25"]
[EventType "swiss"]
[EventCountry "NOR"]
[SourceTitle "playchess.com"]
[Source "ChessBase"]
[SourceQuality "1"]

1. e4 c5 2. Nf3 e6 3. d4 cxd4 4. Nxd4 Nc6 5. Nb5 d6 6. c4 Nf6 7. N5c3 Be7 8. Be2 O-O 9. O-O b6 10. Bf4 Bb7 11. Re1 Ne5 12. Nd2 Rc8 13. Bf1 Re8 14. a3 Qc7 15. Rc1 Qb8 16. b4 Qa8 17. Bg3 Bf8 18. f4 Nc6 19. e5 dxe5 20. fxe5 Nd7 21. Nf3 Red8 22. Qc2 Ne7 23. Ng5 Nf5 24. Bd3 g6 25. Bxf5 gxf5 26. Qe2 h6 27. Nf3 Bxf3 28. gxf3 Be7 29. Nb5 Nf8 30. Nd6 Bxd6 31. exd6 Ng6 32. c5 bxc5 33. bxc5 Qc6 34. Rc4 Kh7 35. Rec1 Rg8 36. Kh1 Nf8 37. Qg2 e5 38. R1c3 f4 39. Qc2+ Rg6 40. Bf2 Qd7 41. Bg1 Ne6 42. Rd3 Qc6 43. Qe2 Ng5 44. h4 Nh3 45. Rd1 Rcg8 46. Bh2 f5 47. Qf1 e4 48. Qxh3 e3 49. Rc2 Rg3 50. Qxf5+ R8g6 51. Qe4 Qxe4 52. fxe4 1-0

[Event "Fagernes Chess GM-Swiss 2024"]
[Site "Fagernes"]
[Date "2024.03.31"]
[Round "9.21"]
[White "Ingebretsen, Jens E"]
[Black "Krishnan, Ritvik"]
[Result "1-0"]
[WhiteElo "2402"]
[BlackElo "2277"]
[Annotator "TA"]
[PlyCount "105"]
[EventDate "2024.03.25"]
[EventType "swiss"]
[EventCountry "NOR"]
[SourceTitle "playchess.com"]
[Source "ChessBase"]
[SourceQuality "1"]

1. c4 c5 2. Nc3 g6 3. Nf3 Bg7 4. e3 Nf6 5. d4 cxd4 6. exd4 d5 7. Bg5 O-O 8. Bxf6 exf6 9. Nxd5 Nc6 10. Be2 Bg4 11. O-O f5 12. Re1 Qd6 13. Ne5 Bxe2 14. Rxe2 Nxe5 15. dxe5 Bxe5 16. c5 Qb8 17. Qb3 Bxh2+ 18. Kh1 Be5 19. Rae1 Bg7 20. Re7 Qd8 21. Qxb7 Rb8 22. Qd7 Qa5 23. b4 Qxa2 24. R7e2 Qc4 25. c6 Rbd8 26. Ne7+ Kh8 27. Qxa7 Qxb4 28. c7 Ra8 29. Qe3 Bf6 30. Nd5 Qd6 31. Qb6 Qxd5 32. Qxf6+ Kg8 33. Qc3 Rac8 34. Qc2 Qd6 35. Re7 Qf4 36. Kg1 Qg5 37. Qc6 Kg7 38. Qd7 Qf4 39. g3 Qc4 40. Qd6 Qc3 41. Kg2 Qa5 42. Rd1 Qc3 43. Rd7 Qf6 44. Qxf6+ Kxf6 45. Rd8 Ke7 46. R1d7+ Ke6 47. Rd6+ Ke7 48. R8d7+ Ke8 49. Kf3 g5 50. Ke3 h5 51. Kd4 h4 52. Ke5 Rh8 53. Rd8+ 1-0

[Event "Fagernes Chess GM-Swiss 2024"]
[Site "Fagernes"]
[Date "2024.03.31"]
[Round "9.22"]
[White "Hillarp Persson, Tiger"]
[Black "Nandhidhaa, P V"]
[Result "0-1"]
[WhiteElo "2473"]
[BlackElo "2305"]
[Annotator "TA"]
[PlyCount "77"]
[EventDate "2024.03.25"]
[EventType "swiss"]
[EventCountry "NOR"]
[SourceTitle "playchess.com"]
[Source "ChessBase"]
[SourceQuality "1"]

1. Nf3 Nf6 2. g3 c5 3. Bg2 Nc6 4. O-O e5 5. c4 d5 6. cxd5 Nxd5 7. Nc3 Nxc3 8. bxc3 Be7 9. Rb1 O-O 10. d3 Rb8 11. Nd2 Bd7 12. Nc4 b5 13. Ne3 a6 14. Nd5 Be6 15. e4 Bd6 16. Be3 Qd7 17. Rb2 Na5 18. Re2 Rfe8 19. Rfe1 Bg4 20. f3 Be6 21. Bf2 Bf8 22. Qd2 c4 23. d4 exd4 24. Bxd4 Nc6 25. f4 Bg4 26. Bf2 Kh8 27. Ne3 Red8 28. Qxd7 Bxd7 29. e5 b4 30. Nxc4 bxc3 31. Rc1 Bg4 32. Rec2 Nb4 33. Rxc3 Nxa2 34. h3 Nxc3 35. Rxc3 Be6 36. Nb6 Rd2 37. Be3 Re2 38. Bd4 Rd8 39. Bf3 0-1

[Event "Fagernes Chess GM-Swiss 2024"]
[Site "Fagernes"]
[Date "2024.03.31"]
[Round "9.23"]
[White "Akshit Kumar J"]
[Black "Brynell, Stellan"]
[Result "1/2-1/2"]
[WhiteElo "2172"]
[BlackElo "2406"]
[Annotator "TA"]
[PlyCount "132"]
[EventDate "2024.03.25"]
[EventType "swiss"]
[EventCountry "NOR"]
[SourceTitle "playchess.com"]
[Source "ChessBase"]
[SourceQuality "1"]

1. e4 e6 2. d4 d5 3. Nd2 c5 4. exd5 exd5 5. Ngf3 a6 6. dxc5 Bxc5 7. Nb3 Bb6 8. Bd3 Qe7+ 9. Qe2 Nc6 10. Bg5 f6 11. Bf4 Bg4 12. O-O-O Qxe2 13. Bxe2 Nge7 14. h3 Bxf3 15. Bxf3 Bxf2 16. Rhf1 Bb6 17. Bxd5 Nxd5 18. Rxd5 Rd8 19. Rxd8+ Kxd8 20. Rd1+ Kc8 21. Re1 Rd8 22. c3 h5 23. Kc2 Rd5 24. Nd2 Bc7 25. Be3 Ne5 26. Bd4 Ng6 27. Re8+ Rd8 28. Rxd8+ Kxd8 29. g4 Nf4 30. gxh5 Nxh5 31. Ne4 Nf4 32. h4 Ne6 33. Kd3 Kd7 34. Bf2 f5 35. Nd2 g6 36. Nf3 b5 37. b3 Kc6 38. Be1 Kd5 39. c4+ bxc4+ 40. bxc4+ Kc5 41. Bd2 Bg3 42. a3 Kc6 43. Bb4 Bc7 44. Bc3 Bd6 45. Bb4 Bc7 46. Bc3 Nf4+ 47. Kd4 Ne2+ 48. Kd3 Nxc3 49. Kxc3 Kc5 50. Kd3 Bg3 51. Kc3 a5 52. Kd3 a4 53. Kc3 Bc7 54. Kd3 Bd6 55. Nd4 Be7 56. Ne6+ Kd6 57. Nf4 Bxh4 58. Nxg6 Bg3 59. Kc3 Ke6 60. Kd4 Bf2+ 61. Kd3 Bc5 62. Nf4+ Ke5 63. Ne2 Bxa3 64. Nc3 Kf4 65. Ke2 Kg3 66. Kf1 Bb4 1/2-1/2

[Event "Fagernes Chess GM-Swiss 2024"]
[Site "Fagernes"]
[Date "2024.03.31"]
[Round "9.24"]
[White "Yaniv, Yuval"]
[Black "Gandrud, Vegar Koi"]
[Result "1/2-1/2"]
[WhiteElo "2368"]
[BlackElo "2293"]
[Annotator "RC"]
[PlyCount "91"]
[EventDate "2024.03.25"]
[EventType "swiss"]
[EventCountry "NOR"]
[SourceTitle "playchess.com"]
[Source "ChessBase"]
[SourceQuality "1"]

1. e4 c5 2. Nf3 d6 3. d4 cxd4 4. Nxd4 Nf6 5. Nc3 a6 6. h3 e5 7. Nf3 h6 8. Bc4 Be7 9. Be3 Qc7 10. Bb3 Nbd7 11. Nh4 Nc5 12. Bxc5 dxc5 13. Qe2 b5 14. Nd5 Nxd5 15. Bxd5 Rb8 16. Nf5 Bxf5 17. exf5 c4 18. O-O-O c3 19. h4 cxb2+ 20. Kb1 O-O 21. g4 Rb6 22. g5 hxg5 23. hxg5 Bxg5 24. Qg4 Qe7 25. Rdg1 Rd8 26. Bf3 Rh6 27. Qxg5 Qxg5 28. Rxg5 Rxh1+ 29. Bxh1 Rd1+ 30. Kxb2 Rxh1 31. f6 Rh6 32. fxg7 Rf6 33. Rxe5 Rxf2 34. a4 bxa4 35. Ra5 Rf6 36. Rxa4 Kxg7 37. c4 Kf8 38. Kc3 Ke7 39. Kd4 Kd7 40. Ra1 Rd6+ 41. Ke4 Rh6 42. c5 Kc7 43. Kd5 Rh5+ 44. Kd4 Rh4+ 45. Kd5 Rh5+ 46. Ke4 1/2-1/2

[Event "Fagernes Chess GM-Swiss 2024"]
[Site "Fagernes"]
[Date "2024.03.31"]
[Round "9.25"]
[White "Moreby, James"]
[Black "Kenneskog, Theodor"]
[Result "1/2-1/2"]
[WhiteElo "2260"]
[BlackElo "2358"]
[Annotator "RC"]
[PlyCount "72"]
[EventDate "2024.03.25"]
[EventType "swiss"]
[EventCountry "NOR"]
[SourceTitle "playchess.com"]
[Source "ChessBase"]
[SourceQuality "1"]

1. c4 e6 2. g3 d5 3. Bg2 Nf6 4. Nf3 d4 5. O-O c5 6. e3 Nc6 7. exd4 cxd4 8. d3 h6 9. Re1 Nd7 10. b3 Bb4 11. Re2 Bc5 12. Na3 O-O 13. Nc2 a5 14. a3 e5 15. Rb1 Re8 16. Qe1 Bf8 17. b4 axb4 18. axb4 Ra2 19. Bb2 Qb6 20. Bxd4 Nxd4 21. Nfxd4 Rd8 22. Nb5 Nf6 23. Ne3 Ra4 24. Qc3 Bd7 25. Qxe5 Rxb4 26. Rxb4 Bxb4 27. Rb2 Qa5 28. Nc2 Bf8 29. Qc3 Qxc3 30. Nxc3 Bf5 31. Nd5 Bxd3 32. Nce3 Nd7 33. Rxb7 Ne5 34. Nb6 Bc5 35. Bd5 Rd6 36. Nc8 Ra6 1/2-1/2

[Event "Fagernes Chess GM-Swiss 2024"]
[Site "Fagernes"]
[Date "2024.03.31"]
[Round "9.26"]
[White "Haug, Havard"]
[Black "Skotheim, Andreas"]
[Result "1/2-1/2"]
[WhiteElo "2341"]
[BlackElo "2214"]
[Annotator "RC"]
[PlyCount "49"]
[EventDate "2024.03.25"]
[EventType "swiss"]
[EventCountry "NOR"]
[SourceTitle "playchess.com"]
[Source "ChessBase"]
[SourceQuality "1"]

1. d4 Nf6 2. Nc3 d5 3. Bf4 c5 4. e4 cxd4 5. Qxd4 Nc6 6. Bb5 Bd7 7. Bxc6 Bxc6 8. e5 Nd7 9. e6 fxe6 10. Nf3 Qb6 11. Qd2 d4 12. Qxd4 Bxf3 13. Qxb6 Nxb6 14. gxf3 g6 15. Be5 Rg8 16. Ne4 Bh6 17. b3 Rf8 18. Ke2 Rf5 19. Bg3 Nd5 20. a3 Bg7 21. Rad1 Nc3+ 22. Nxc3 Bxc3 23. Rd3 Rc8 24. a4 a6 25. Rhd1 1/2-1/2

[Event "Fagernes Chess GM-Swiss 2024"]
[Site "Fagernes"]
[Date "2024.03.31"]
[Round "9.27"]
[White "Lund, Gunnar"]
[Black "Andersen, Morten"]
[Result "1-0"]
[WhiteElo "2335"]
[BlackElo "2178"]
[Annotator "RC"]
[PlyCount "125"]
[EventDate "2024.03.25"]
[EventType "swiss"]
[EventCountry "NOR"]
[SourceTitle "playchess.com"]
[Source "ChessBase"]
[SourceQuality "1"]

1. e4 c5 2. Nf3 Nc6 3. Bb5 d6 4. Bxc6+ bxc6 5. O-O e5 6. c3 f5 7. exf5 Be7 8. Re1 Bxf5 9. d4 e4 10. dxc5 d5 11. Nd4 Qd7 12. c4 Nf6 13. cxd5 Nxd5 14. Nc3 O-O 15. Nxc6 Qxc6 16. Qxd5+ Qxd5 17. Nxd5 Bxc5 18. Be3 Bd6 19. Red1 h6 20. h3 Rfd8 21. Bf4 Bf8 22. b3 Rac8 23. Ne3 Be6 24. Rxd8 Rxd8 25. Nf1 a5 26. Ng3 a4 27. bxa4 Ra8 28. Re1 Rxa4 29. Nxe4 Bf5 30. f3 Rxa2 31. Kh2 Rc2 32. Rd1 Rc4 33. Rd8 Bxe4 34. Bd6 Kh7 35. Rxf8 Bd5 36. Rd8 Rc2 37. Kg3 Bc6 38. Rb8 Rd2 39. Bf4 Rc2 40. Rb6 g5 41. Be3 Rc3 42. h4 Kg6 43. Ra6 Kh5 44. hxg5 hxg5 45. Bf2 Kg6 46. Ra5 Rd3 47. Rc5 Bd5 48. Be1 Kf5 49. Kf2 Ke6 50. Ra5 Rb3 51. Ra6+ Kf5 52. Ra5 Ke6 53. Ra4 Rb2+ 54. Kg3 Rc2 55. Bf2 Rc4 56. Ra5 Rc2 57. Ra3 Bc6 58. Ra6 Ke5 59. Ra7 Kf5 60. Ra5+ Kf6 61. Bd4+ Kg6 62. Be3 g4 63. Rg5+ 1-0

[Event "Fagernes Chess GM-Swiss 2024"]
[Site "Fagernes"]
[Date "2024.03.31"]
[Round "9.28"]
[White "Nordahl, Helge"]
[Black "Vijayakumar, Rishi"]
[Result "1/2-1/2"]
[WhiteElo "2330"]
[BlackElo "2156"]
[Annotator "RC"]
[PlyCount "32"]
[EventDate "2024.03.25"]
[EventType "swiss"]
[EventCountry "NOR"]
[SourceTitle "playchess.com"]
[Source "ChessBase"]
[SourceQuality "1"]

1. d4 Nf6 2. c4 e6 3. Nc3 Bb4 4. Qb3 c5 5. Nf3 Nc6 6. d5 Na5 7. Qc2 Nxc4 8. e4 exd5 9. Bxc4 dxc4 10. e5 Nd5 11. O-O Bxc3 12. Qe4 Ne7 13. bxc3 d5 14. exd6 Qxd6 15. Re1 Be6 16. Ng5 Qd5 1/2-1/2

[Event "Fagernes Chess GM-Swiss 2024"]
[Site "Fagernes"]
[Date "2024.03.31"]
[Round "9.29"]
[White "Hedman, Erik"]
[Black "Fiskaaen, Martin Holten"]
[Result "1-0"]
[WhiteElo "2311"]
[BlackElo "2118"]
[Annotator "RC"]
[PlyCount "83"]
[EventDate "2024.03.25"]
[EventType "swiss"]
[EventCountry "NOR"]
[SourceTitle "playchess.com"]
[Source "ChessBase"]
[SourceQuality "1"]

1. e4 c5 2. c3 Nf6 3. e5 Nd5 4. Nf3 d6 5. Bb5+ Bd7 6. Bc4 e6 7. d4 Bc6 8. O-O Nd7 9. Re1 dxe5 10. dxe5 Be7 11. Bf1 b5 12. a4 bxa4 13. Na3 O-O 14. Bd3 Rb8 15. Bc2 N7b6 16. Qd3 g6 17. Bh6 Re8 18. Rad1 Qc7 19. Bb1 Bf8 20. Qd2 Nd7 21. Nc4 Red8 22. Bxf8 Nxf8 23. Qh6 Ne7 24. Nfd2 Nf5 25. Qf4 Qe7 26. Ne4 Rxd1 27. Rxd1 Bxe4 28. Bxe4 Nd7 29. g4 Ng7 30. Bc6 Nb6 31. Nxb6 axb6 32. Rd7 Qf8 33. Qd2 h5 34. h3 hxg4 35. hxg4 f6 36. Bxa4 f5 37. Qg5 fxg4 38. Bc2 Qc8 39. Qe7 Qf8 40. Qg5 Qc8 41. Re7 Qf8 42. Bxg6 1-0

[Event "Fagernes Chess GM-Swiss 2024"]
[Site "Fagernes"]
[Date "2024.03.31"]
[Round "9.30"]
[White "Oksendal, Martin"]
[Black "Mihajlov, Sebastian"]
[Result "1/2-1/2"]
[WhiteElo "2086"]
[BlackElo "2373"]
[Annotator "RC"]
[PlyCount "42"]
[EventDate "2024.03.25"]
[EventType "swiss"]
[EventCountry "NOR"]
[SourceTitle "playchess.com"]
[Source "ChessBase"]
[SourceQuality "1"]

1. e4 e5 2. Nf3 Nc6 3. Bb5 a6 4. Ba4 f5 5. d4 exd4 6. e5 b5 7. Bb3 Bb7 8. O-O Na5 9. Nxd4 c5 10. Bxg8 cxd4 11. Bb3 Nxb3 12. axb3 Qb6 13. Nd2 Bc5 14. Nf3 b4 15. Nd2 O-O 16. Nc4 Qe6 17. Ra5 Rfc8 18. Bf4 d3 19. Qxd3 Be4 20. Qd2 Qg6 21. Bg3 f4 1/2-1/2

[Event "Fagernes Chess GM-Swiss 2024"]
[Site "Fagernes"]
[Date "2024.03.31"]
[Round "9.31"]
[White "Zheng, Harry Z"]
[Black "Daakshin Arun"]
[Result "1-0"]
[WhiteElo "2077"]
[BlackElo "2283"]
[Annotator "RC"]
[PlyCount "119"]
[EventDate "2024.03.25"]
[EventType "swiss"]
[EventCountry "NOR"]
[SourceTitle "playchess.com"]
[Source "ChessBase"]
[SourceQuality "1"]

1. e4 c5 2. Nf3 d6 3. d4 cxd4 4. Nxd4 Nf6 5. Nc3 a6 6. Be3 e5 7. Nf3 Be7 8. Bc4 O-O 9. O-O Be6 10. Bb3 Nc6 11. Bg5 Nd7 12. Bxe7 Qxe7 13. Nd5 Qd8 14. Qe2 Nc5 15. Rad1 Kh8 16. Rd2 f5 17. Nc3 fxe4 18. Nxe4 Nxb3 19. axb3 Bg4 20. Rxd6 Bxf3 21. Qxf3 Rxf3 22. Rxd8+ Rxd8 23. gxf3 Nd4 24. Kg2 Nxc2 25. Rc1 Rc8 26. Rd1 Rf8 27. Nd6 Nd4 28. Nxb7 Nxf3 29. Rd8 Rxd8 30. Nxd8 e4 31. Nb7 Ne1+ 32. Kg3 Nd3 33. Nd6 Nc5 34. Kf4 a5 35. Nxe4 Nxb3 36. Ke3 g6 37. Nd2 Nc5 38. Kd4 Ne6+ 39. Kc4 Kg7 40. Nb3 Kf6 41. Nxa5 Ke5 42. b4 Nc7 43. Nc6+ Ke4 44. Ne7 g5 45. Ng8 Kf3 46. Nf6 h6 47. Nd5 Ne6 48. b5 Kxf2 49. b6 Nd8 50. Kc5 Kg2 51. Kd6 Kxh2 52. Kc7 Ne6+ 53. Kc8 Nc5 54. Nf6 h5 55. Nd7 Nxd7 56. Kxd7 g4 57. b7 g3 58. b8=Q h4 59. Ke6 Kh1 60. Qh8 1-0

[Event "Fagernes Chess GM-Swiss 2024"]
[Site "Fagernes"]
[Date "2024.03.31"]
[Round "9.32"]
[White "Al-Tarboush, Ward"]
[Black "Shivika Rohilla"]
[Result "1-0"]
[WhiteElo "2277"]
[BlackElo "2003"]
[Annotator "RC"]
[PlyCount "75"]
[EventDate "2024.03.25"]
[EventType "swiss"]
[EventCountry "NOR"]
[SourceTitle "playchess.com"]
[Source "ChessBase"]
[SourceQuality "1"]

1. e4 c5 2. Nf3 e6 3. d4 cxd4 4. Nxd4 Nf6 5. Nc3 Nc6 6. Bf4 Bb4 7. Ndb5 Nxe4 8. Qf3 d5 9. Nc7+ Kf8 10. Nxa8 e5 11. Bd2 Nd4 12. Qd1 Qh4 13. g3 Qf6 14. Nxe4 Nf3+ 15. Qxf3 Qxf3 16. Bxb4+ Kg8 17. Nd6 Qxh1 18. O-O-O Be6 19. Nc7 Qxh2 20. Nxd5 h5 21. Ne7+ Kh7 22. Bd3+ g6 23. Ne4 Bg4 24. f3 Bc8 25. Bc3 Bf5 26. Nf6+ Kh6 27. Bxf5 gxf5 28. Bxe5 Ra8 29. Nxf5+ Kg6 30. Nh4+ Kh6 31. Bf4+ Kg7 32. Nxh5+ Kh7 33. Nf6+ Kg7 34. Be5 Qe2 35. f4 a5 36. Nf5+ Kg6 37. g4 Ra6 38. Rh1 1-0

[Event "Fagernes Chess GM-Swiss 2024"]
[Site "Fagernes"]
[Date "2024.03.31"]
[Round "9.34"]
[White "Aniruddh Chatterjee"]
[Black "Joel Paul Ganta"]
[Result "1-0"]
[WhiteElo "2182"]
[BlackElo "1993"]
[Annotator "RC"]
[PlyCount "73"]
[EventDate "2024.03.25"]
[EventType "swiss"]
[EventCountry "NOR"]
[SourceTitle "playchess.com"]
[Source "ChessBase"]
[SourceQuality "1"]

1. d4 d5 2. c4 c6 3. cxd5 cxd5 4. Nc3 Nf6 5. Bf4 Nc6 6. e3 a6 7. Rc1 Bf5 8. Nf3 e6 9. Qb3 Ra7 10. Ne5 Bd6 11. Bxa6 Rxa6 12. Qxb7 Nxe5 13. Qb5+ Nfd7 14. Qxa6 Nd3+ 15. Kd2 Bxf4 16. Nxd5 O-O 17. Rc8 Bxe3+ 18. Ke2 Nf4+ 19. Kd1 Nxd5 20. Rxd8 Rxd8 21. fxe3 Nxe3+ 22. Ke2 Nd5 23. Kf2 Nb4 24. Qd6 Nd3+ 25. Ke3 e5 26. Rf1 exd4+ 27. Kd2 N3e5 28. Qc7 Rb8 29. Rxf5 Rxb2+ 30. Kc1 Nd3+ 31. Kd1 g6 32. Qxd7 gxf5 33. Qd8+ Kg7 34. Qxd4+ Kg6 35. a3 Rb3 36. Kc2 Nc1 37. Kxc1 1-0

[Event "Fagernes Chess GM-Swiss 2024"]
[Site "Fagernes"]
[Date "2024.03.31"]
[Round "9.35"]
[White "Myagmarsuren, Evsuld"]
[Black "Okuno Okuno, Rion"]
[Result "0-1"]
[WhiteElo "2138"]
[BlackElo "1981"]
[Annotator "NA RC"]
[PlyCount "96"]
[EventDate "2024.03.25"]
[EventType "swiss"]
[EventCountry "NOR"]
[SourceTitle "playchess.com"]
[Source "ChessBase"]
[SourceQuality "1"]

1. e4 c5 2. Nf3 d6 3. d4 cxd4 4. Nxd4 Nf6 5. Nc3 a6 6. h3 e5 7. Nde2 h5 8. g3 Be7 9. Bg2 b5 10. Nd5 Nxd5 11. Qxd5 Ra7 12. Be3 Rb7 13. O-O Nd7 14. Qd2 Nf6 15. Rfd1 Be6 16. b3 Qc8 17. a4 Bxh3 18. Bxh3 Qxh3 19. axb5 Ng4 20. bxa6 Nh2 21. f4 Nf3+ 22. Kf2 Nxd2 23. axb7 Nxe4+ 24. Kf3 O-O 25. Ra8 f5 26. Rxf8+ Bxf8 27. Re1 Ng5+ 28. fxg5 Qg4+ 29. Kf2 Qb4 30. g6 Qxb7 31. Ra1 d5 32. Ra7 Qc6 33. c3 Bc5 34. Ra1 Bxe3+ 35. Kxe3 Qxg6 36. b4 h4 37. gxh4 f4+ 38. Kf2 Qd3 39. Ra8+ Kh7 40. Rf8 Qe3+ 41. Kf1 f3 42. Ng3 e4 43. Rf5 Qc1+ 44. Kf2 Qd2+ 45. Kf1 Qg2+ 46. Ke1 Qxg3+ 47. Kd2 f2 48. Ke2 Qg4+ 0-1

[Event "Fagernes Chess GM-Swiss 2024"]
[Site "Fagernes"]
[Date "2024.03.31"]
[Round "9.36"]
[White "Southcott-Moyers, Indy"]
[Black "Aamodt, Peder Marcus"]
[Result "1-0"]
[WhiteElo "2120"]
[BlackElo "1941"]
[Annotator "RC"]
[PlyCount "129"]
[EventDate "2024.03.25"]
[EventType "swiss"]
[EventCountry "NOR"]
[SourceTitle "playchess.com"]
[Source "ChessBase"]
[SourceQuality "1"]

1. d4 d5 2. c4 e6 3. Nf3 Nf6 4. Nc3 Be7 5. g3 O-O 6. Bg2 dxc4 7. Ne5 Nc6 8. Bxc6 bxc6 9. Nxc6 Qe8 10. Nxe7+ Qxe7 11. Qa4 e5 12. Qxc4 Bh3 13. Qc5 Qe6 14. dxe5 Bg2 15. Rg1 Nd7 16. Qxc7 Rac8 17. Qd6 Qh3 18. Be3 Nb6 19. Bxb6 axb6 20. O-O-O Be4 21. Qxb6 Qf5 22. Qd4 Bb1 23. e4 Bxe4 24. g4 Qg6 25. f4 Bf3 26. Rd3 Be2 27. Rd2 Bc4 28. Qd6 Bxa2 29. Qxg6 hxg6 30. Rd4 Bb3 31. Kd2 Rb8 32. f5 Rfd8 33. Rxd8+ Rxd8+ 34. Ke3 Bc2 35. Rc1 Bb3 36. fxg6 fxg6 37. Ra1 Bc2 38. Ra7 g5 39. e6 Rd3+ 40. Ke2 Rd6 41. Ra8+ Kh7 42. e7 Re6+ 43. Kd2 Bg6 44. Nd5 Re5 45. Rd8 Bf7 46. b4 Kg6 47. b5 Be8 48. Rxe8 Rxd5+ 49. Kc3 Rd7 50. b6 Kf7 51. Rc8 Kxe7 52. Rc7 Rxc7+ 53. bxc7 Kd7 54. Kd4 Kxc7 55. Ke5 Kd7 56. Kf5 Ke7 57. Kxg5 Kf7 58. Kf5 Kg8 59. Kg6 Kh8 60. g5 Kg8 61. h3 Kh8 62. Kf7 Kh7 63. h4 Kh8 64. h5 Kh7 65. h6 1-0

[Event "Fagernes Chess GM-Swiss 2024"]
[Site "Fagernes"]
[Date "2024.03.31"]
[Round "9.37"]
[White "Carlsson, Ludvig"]
[Black "Avetisyan, Ani"]
[Result "1-0"]
[WhiteElo "2350"]
[BlackElo "1840"]
[Annotator "RC"]
[PlyCount "87"]
[EventDate "2024.03.25"]
[EventType "swiss"]
[EventCountry "NOR"]
[SourceTitle "playchess.com"]
[Source "ChessBase"]
[SourceQuality "1"]

1. e4 c6 2. Nf3 d5 3. d3 Qc7 4. Nc3 Nf6 5. e5 Nfd7 6. Bf4 e6 7. g3 Be7 8. h4 c5 9. Bg2 Nc6 10. O-O O-O 11. Re1 a6 12. Nxd5 exd5 13. e6 Bd6 14. exd7 Bxd7 15. Bxd6 Qxd6 16. d4 Bg4 17. dxc5 Qxc5 18. c3 Rad8 19. Rc1 Rd7 20. Qd2 Qd6 21. Nd4 Ne5 22. b3 Qf6 23. Qe3 Re7 24. Qg5 Qxg5 25. hxg5 Rd8 26. f3 Bc8 27. f4 Nc6 28. Bxd5 Rxe1+ 29. Rxe1 Nxd4 30. cxd4 Kf8 31. Rc1 Be6 32. Bxb7 Rxd4 33. Bxa6 Rd2 34. Ra1 Bd5 35. Bf1 Ke7 36. Re1+ Kd6 37. Re2 Rd3 38. Re6+ Bxe6 39. Bxd3 g6 40. Kf2 Kc5 41. Ke3 Kb4 42. Bc4 Bxc4 43. bxc4 Kxc4 44. Ke4 1-0

[Event "Fagernes Chess GM-Swiss 2024"]
[Site "Fagernes"]
[Date "2024.03.31"]
[Round "9.38"]
[White "Rasmussen, Casper"]
[Black "Valcu, Lavinia"]
[Result "1-0"]
[WhiteElo "2244"]
[BlackElo "2070"]
[Annotator "RC"]
[PlyCount "97"]
[EventDate "2024.03.25"]
[EventType "swiss"]
[EventCountry "NOR"]
[SourceTitle "playchess.com"]
[Source "ChessBase"]
[SourceQuality "1"]

1. d4 g6 2. g3 Bg7 3. Bg2 d6 4. e4 Nd7 5. Nc3 e5 6. Nge2 Ngf6 7. h3 O-O 8. Be3 b6 9. O-O Re8 10. Re1 Bb7 11. d5 a5 12. g4 Nc5 13. Ng3 Nfd7 14. Qd2 Rf8 15. Nb5 Bc8 16. c4 Nb8 17. Qc2 Nba6 18. Rad1 f6 19. b3 Rf7 20. Nc3 Qf8 21. Qd2 Bd7 22. Rb1 Kh8 23. Nce2 Re8 24. Nc1 f5 25. gxf5 gxf5 26. exf5 Rxf5 27. a3 Rf6 28. b4 Nb7 29. Bg5 Bh6 30. Bxf6+ Qxf6 31. Qd3 Rf8 32. Ne4 Qf7 33. Ne2 axb4 34. axb4 Bf5 35. N2g3 Bg6 36. Qa3 Nb8 37. Qa7 c6 38. Rbd1 b5 39. Qb6 c5 40. Ra1 bxc4 41. Ra7 c3 42. Rxb7 Nd7 43. Qxd6 c2 44. Rxd7 Qf4 45. Qxc5 Bf5 46. Nxf5 Qxf5 47. Qe7 Rg8 48. Ng3 Qd3 49. Qxe5+ 1-0